000 00653nam a2200205 4500
003 OSt
005 20240618034356.0
006 a
008 240618b |||||||| |||| 00| 0 eng d
020 _a9991701966
040 _aDWCL-Main lib.
_cOC
082 _aCirc. 899.2 T763L 2000
111 _aHadji Abdul Hakim HJ Mohd, Yassin
245 _aTraditional literature of ASEAN /
260 _aBrunei Darussalam :
_bASEAN Committee on Culture and Information,
_cc2000.
300 _b306 p. : b & w ill. ;
_c23 cm.
650 _a1. Southeast Asian literature–Collections.
711 _aHadji Abdul Hakim HJ Mohd, Yassin
942 _2ddc
_n0
_cBK-CIRC
_kCirc.
999 _c810
_d810